群馬県の戦前市制・町制 - Statistics

General Stats
  • This quiz has been taken 111 times
  • The average score is 37 of 48
Answer Stats
施行日 施行内容 所属郡 回答 % Correct
1892.04.01 市制 (市) 前橋市
100%
1889.04.01 町制 新田郡 太田町
98%
1900.04.01 市制 (市) 高崎市
98%
1889.04.01 町制 邑楽郡 館林町
97%
1921.03.01 市制 (市) 桐生市
97%
1889.04.01 町制 利根郡 沼田町
95%
1940.09.13 市制 (市) 伊勢崎市
95%
1889.04.01 町制 東群馬郡 前橋町
93%
1889.04.01 町制 西群馬郡 高崎町
93%
1889.04.01 町制 佐位郡 伊勢崎町
93%
1889.04.01 町制 山田郡 桐生町
93%
1889.04.01 町制 緑野郡 藤岡町
90%
1889.04.01 町制 北甘楽郡 富岡町
90%
1889.04.01 町制 碓氷郡 安中町
90%
1889.04.01 町制 西群馬郡 渋川町
88%
1889.04.01 町制 吾妻郡 中之条町
87%
1889.04.01 町制 吾妻郡 長野原町
87%
1889.04.01 町制 山田郡 大間々町
87%
1889.04.01 町制 北甘楽郡 下仁田町
85%
1889.04.01 町制 碓氷郡 松井田町
85%
1900.07.01 町制 吾妻郡 草津町
85%
1889.04.01 町制 緑野郡 新町
83%
1902.07.25 町制 邑楽郡 小泉町
83%
1889.04.01 町制 多胡郡 吉井町
82%
1889.04.01 町制 那波郡 玉村町
82%
1889.04.01 町制 西群馬郡 伊香保町
80%
1899.05.24 町制 勢多郡 大胡町
80%
1889.04.01 町制 緑野郡 鬼石町
75%
1889.04.01 町制 北甘楽郡 妙義町
73%
1889.04.01 町制 新田郡 藪塚本町
73%
1889.04.01 町制 西群馬郡 倉賀野町
72%
1889.04.01 町制 佐位郡 境町
72%
1889.04.01 町制 新田郡 尾島町
72%
1889.04.01 町制 西群馬郡 金古町
68%
1889.04.01 町制 吾妻郡 原町
68%
1889.04.01 町制 西群馬郡 総社町
67%
1889.04.01 町制 北甘楽郡 一ノ宮町
65%
1926.04.01 町制 多野郡 万場町
65%
1889.04.01 町制 北甘楽郡 福島町
63%
1889.04.01 町制 碓氷郡 板鼻町
63%
1926.05.10 町制 北甘楽郡 小幡町
63%
1889.04.01 町制 碓氷郡 坂本町
62%
1889.04.01 町制 新田郡 木崎町
62%
1921.04.01 町制 群馬郡 箕輪町
55%
1890.03.01 町制 碓氷郡 臼井町
48%
1905.04.01 町制 群馬郡 室田町
48%
1936.07.01 町制 碓氷郡 磯部町
45%
1889.04.01 町制 碓氷郡 原市町
42%
No matching quizzes found
Score Distribution
Percent of People with Each Score
Percentile by Number Answered
Your Score History
You have not taken this quiz